Technika a programování robotů /

Další autoři: Wagner, Friedrich
Jazyk: Čeština
Vydáno: Praha : Wahlberg, 1994
Fyzický popis: 80 s.
Knihy
Uloženo v:
LEADER 00611nam a22002052a 4500
001 000336750
003 CZ BrMZK
005 19980103143423.0
008 980103s1994 xr f cze d
015 |a cnb000093334 
035 |a (OCoLC)36615390 
040 |a BOA001  |b cze 
080 |a 007.52(075.8)  |2 MRF 
245 0 0 |a Technika a programování robotů /  |c F. Wagner...[et al.]. 
260 |a Praha :  |b Wahlberg,  |c 1994 
300 |a 80 s. 
700 1 |a Wagner, Friedrich 
910 |a BOA001  |b TK-0256.589 
990 |a BK 
996 7 |b 2629974982  |c TK-0256.589  |l MZK  |r Sklad / do 24 hodin  |n 8  |w 000336750  |u 000010  |a 1  |e BOA001  |j MZK50  |s A